Catalog

Record Details

Catalog Search



Available copies

  • 1 of 2 copies available at LARL/NWRL Consortium.
  • 1 of 2 copies available at Lake Agassiz Regional Library. (Show preferred library)

Current holds

0 current holds with 2 total copies.

Show Only Available Copies
Location Call Number / Copy Notes Barcode Shelving Location Status Due Date
Detroit Lakes Public Library RYA (Text) 33500014391676 New Checked out 06/27/2026
Moorhead Public Library RYA (Text) 33500014391684 New Available -

Record details

  • ISBN: 9781538769669
  • ISBN: 1538769662
  • ISBN: 9781538769652
  • ISBN: 1538769654
  • Physical Description: xix, 426 pages : illustration ; 22 cm.
  • Edition: First edition.
  • Publisher: New York : Forever, 2026.

Content descriptions

General Note:
"A novel." -- Dust jacket.
Includes a reading group guide with A Note From Kennedy, a list of mental health resources, a ... Read More
Summary, etc.:
"You never forget your first love. Isn't that what ... Read More
Subject: Man-woman relationships > Fiction.
Screenwriters > Fiction.
Musicians > Fiction.
First loves > Fiction.
African Americans > Fiction.
Fiction.
Screenwriters.
Musicians.
First loves.
African Americans.
Opportunity > Fiction.
Fiction/Romance - Contemporary.
Fiction/Romance - LGBTQ+ - Bisexual.
Fiction/Women.
Fiction/Romance - Workplace.
Man-woman relationships > Ficiton.
Motion picture screenwriters > Fiction.
Musicians > Fiction.
Second chances > Fiction.
Genre: Fiction.
Romance fiction.
Novels.
LDR 04467cam a22009258i 4500
001485611
003LARL_NWRL_CONSORTIUM
00520260604142819.0
008260126t20262026nyua e 000 1 eng
010 . ‡a 2025050033
040 . ‡aDLC ‡beng ‡erda ‡cDLC ‡dOCLCO ‡dIG# ‡dHQD ‡dOCLCO ‡dCHILD ‡dZGW ‡dRNL ‡dIUK ‡dOCLCO ‡dZGR ‡dOCLCO ‡dTOH ‡dGRA
019 . ‡a1545539499
020 . ‡a9781538769669 ‡q(hardcover)
020 . ‡a1538769662 ‡q(hardcover)
020 . ‡a9781538769652 ‡q(trade paperback)
020 . ‡a1538769654 ‡q(trade paperback)
020 . ‡z9781538769676 ‡q(ebook)
035 . ‡a(OCoLC)1570483332 ‡z(OCoLC)1545539499
042 . ‡apcc
08204. ‡a813/.6 ‡qTnLvILS ‡223
1001 . ‡aRyan, Kennedy, ‡eauthor. ‡1https://id.oclc.org/worldcat/entity/E39PCjvpKfvfkphMRGdTQR8cT3
24510. ‡aScore / ‡cKennedy Ryan.
250 . ‡aFirst edition.
264 1. ‡aNew York : ‡bForever, ‡c2026.
264 4. ‡c©2026
300 . ‡axix, 426 pages : ‡billustration ; ‡c22 cm.
336 . ‡atext ‡btxt ‡2rdacontent
336 . ‡astill image ‡bsti ‡2rdacontent
337 . ‡aunmediated ‡bn ‡2rdamedia
338 . ‡avolume ‡bnc ‡2rdacarrier
4900 . ‡aHollywood Renaissance ; ‡v2
500 . ‡a"A novel." -- Dust jacket.
500 . ‡aIncludes a reading group guide with A Note From Kennedy, a list of mental health resources, a playlist, and a recipe.
520 . ‡a"You never forget your first love. Isn't that what they say? Verity Hill knows this truth intimately. She didn't simply miss Wright "Monk" Bellamy when they parted ways in college. She's haunted by his touch. Every kiss, any lover since-it's a shadow of what they had. Time heals all wounds. Isn't that what they say? Monk doesn't believe that for a second. He wasn't simply betrayed when he and Verity split. He was devastated, with parts of him left behind in the ruins of all that was destroyed. More than a decade after their disastrous breakup, Verity and Monk must work together on the set of an epic Harlem Renaissance biopic. With Monk, now a world-class musician, creating the score, and Verity, an award-winning screenwriter, penning the script, there's Oscar buzz before shooting even begins. This once-in-a-lifetime project could catapult them both to new heights, but can they put the past behind them for the sake of the film...for the sake of something more?"-- Provided by publisher.
650 0. ‡aMan-woman relationships ‡vFiction. ‡0(LARL_NWRL_CONSORTIUM)165985
650 0. ‡aScreenwriters ‡vFiction. ‡0(LARL_NWRL_CONSORTIUM)167272
650 0. ‡aMusicians ‡vFiction. ‡0(LARL_NWRL_CONSORTIUM)166045
650 0. ‡aFirst loves ‡vFiction. ‡0(LARL_NWRL_CONSORTIUM)165008
650 0. ‡aAfrican Americans ‡vFiction. ‡0(LARL_NWRL_CONSORTIUM)163084
650 0. ‡aFiction. ‡0(LARL_NWRL_CONSORTIUM)20140
650 0. ‡aScreenwriters. ‡0(LARL_NWRL_CONSORTIUM)30470
650 0. ‡aMusicians. ‡0(LARL_NWRL_CONSORTIUM)26387
650 0. ‡aFirst loves. ‡0(LARL_NWRL_CONSORTIUM)35961
650 0. ‡aAfrican Americans. ‡0(LARL_NWRL_CONSORTIUM)13026
650 1. ‡aOpportunity ‡vFiction.
650 7. ‡aFiction/Romance - Contemporary. ‡2bisacsh
650 7. ‡aFiction/Romance - LGBTQ+ - Bisexual. ‡2bisacsh
650 7. ‡aFiction/Women. ‡2bisacsh
650 7. ‡aFiction/Romance - Workplace. ‡2bisacsh
650 7. ‡aMan-woman relationships ‡vFiciton. ‡2sears
650 7. ‡aMotion picture screenwriters ‡vFiction. ‡2sears
650 7. ‡aMusicians ‡vFiction. ‡2sears ‡0(LARL_NWRL_CONSORTIUM)166045
650 7. ‡aSecond chances ‡vFiction. ‡2sears
655 7. ‡aFiction. ‡2lcgft
655 7. ‡aRomance fiction. ‡2lcgft
655 7. ‡aNovels. ‡2lcgft
758 . ‡1http://id.loc.gov/resources/instances/in00024420754
758 . ‡4http://id.loc.gov/ontologies/bibframe/instanceOf ‡1http://id.loc.gov/resources/works/in00024420754
884 . ‡aDLC bibframe2marc v3.1-dev ‡g20260126 ‡qDLC ‡uhttps://github.com/lcnetdev/bibframe2marc/tree/v3.1-dev
901 . ‡a485611 ‡bOCoLC ‡c485611 ‡tbiblio ‡sIngram On-Order

Additional Resources